"Our Best": the 200 "Greatest Germans" - Statistics

General Stats
  • This quiz has been taken 105 times
  • The average score is 39 of 204
Answer Stats
Rank Hint Answer % Correct
2 Theologian Martin Luther
91%
12 Composer Ludwig van Beethoven
86%
10 Theoretical physicist Albert Einstein
84%
8 Printing press pioneer Johannes Gutenberg
84%
6 Composer Johann Sebastian Bach
83%
7 Poet Johann Wolfgang von Goethe
80%
3 Economist Karl Marx
77%
1 Chancellor Konrad Adenauer
77%
9 Chancellor and general Otto von Bismarck
77%
102 Economist Erich Gutenberg
69%
13 Chancellor Helmut Kohl
67%
130 Emperor Wilhelm II
64%
36 Football player/coach Franz Beckenbauer
61%
180 Football player Gerd Müller
58%
5 Chancellor Willy Brandt
58%
35 Tennis player Boris Becker
56%
26 Racecar driver Michael Schumacher
56%
179 Football player Oliver Kahn
56%
133 Racecar driver Ralf Schumacher
56%
93 Businessman Karl Benz
55%
69 Composer Richard Wagner
55%
32 Tennis player Steffi Graf
53%
38 Pop singer Nena
48%
116 Psychoanalyst Sigmund Freud
48%
68 Novelist Friedrich Schiller
47%
82 Chancellor Gerhard Schröder
45%
41 TV presenter Harald Schmidt
44%
21 Chancellor Helmut Schmidt
44%
142 Businessman Levi Strauss
44%
37 Industrialist, his List Oskar Schindler
44%
20 Composer Wolfgang Amadeus Mozart
44%
4 Member of the White Rose Hans Scholl
42%
4 Member of the White Rose Sophie Scholl
42%
63 Rocket scientist Wernher von Braun
42%
43 Philosopher Immanuel Kant
41%
50 Actress Marlene Dietrich
41%
76 Novelist Thomas Mann
41%
200 Model Claudia Schiffer
39%
84 Philosopher Friedrich Nietzsche
39%
182 Engineer, inventor Nicolaus Otto
38%
115 Emperor Otto I
38%
166 Astronomer, mathematician Johannes Kepler
34%
126 Physicist Max Planck
34%
134 Diarist Anne Frank
33%
89 Physicist Carl Fredrich Gauss
33%
175 Novelist Günter Wilhelm Grass
33%
112 Politician, activist Rosa Luxemburg
30%
27 Chancellor Ludwig Erhard
28%
49 Military officer Claus von Stauffenberg
27%
110 Businessman Gottlieb Daimler
27%
77 Novelist Hermann Hesse
27%
70 Figure skater Katarina Witt
27%
113 Playwright Bertold Brecht
25%
51 Physician Robert Koch
25%
88 Women who rebuilt German cities Trümmerfrauen
25%
66 Minister of Defence Franz Josef Strauß
23%
153 Philosopher, mathematician Gottfried Wilhelm Leibniz
23%
52 Vice Chancellor Joschka Fischer
23%
195 Composer Richard Strauss
23%
91 Painter Albrecht Dürer
22%
146 Businessman Ferdinand Porsche
22%
96 Novelist Heinrich Heine
22%
92 Boxer Max Schmeling
22%
14 Industrialist, founder of corporate namesake Robert Bosch
22%
24 TV presenter Thomas Gottschalk
22%
158 Physicist Werner Heisenberg
22%
23 Feminist, journalist Alice Schwarzer
20%
174 Roman officer, tribal Germanic chieftain Arminius
20%
30 Pop singer, producer Dieter Bohlen
20%
29 TV presenter, journalist Günther Jauch
20%
157 Cardinal, future Pope Joseph Ratzinger
20%
186 Federal President Roman Herzog
20%
154 Philosopher Arthur Schopenhauer
19%
135 Emperor Frederick I
19%
162 Engineer, inventor Rudolf Diesel
19%
100 Football player Uwe Seeler
19%
28 Physicist Wilhelm Röntgen
19%
61 Explorer Alexander von Humboldt
17%
105 Theologian Edith Stein
17%
42 King Frederick II of Prussia
17%
90 Football player Helmut Rahn
17%
178 Fashion designer Karl Lagerfeld
17%
53 Novelist Karl May
17%
95 Pop singer Reinhard Mey
17%
78 Actress Romy Schneider
17%
71 Football player Fritz Walter
16%
128 Writer Jacob Grimm
16%
31 Cyclist, 1997 Tour de France Jan Ullrich
16%
143 Football coach Seep Herberger
16%
128 Writer Wilhelm Grimm
16%
48 Federal President Richard von Weizsäcker
14%
56 Football player Rudi Völler
14%
34 Theologian Dietrich Bonhoeffer
13%
181 Aviation pioneer Ferdinand von Zeppelin
13%
94 Emperor Frederick II
13%
132 Novelist Heinrich Böll
13%
25 Rock singer, actor, activist Herbert Grönemeyer
13%
72 Pop singer Nicole
13%
163 Presenter, musician Stefan Raab
13%
114 President of West Germany Theodor Heuss
13%
120 Rock musician Udo Lindenberg
13%
145 Physicist, businessman Werner von Siemens
13%
65 Metal singer Campino
11%
103 Chess player Emanuel Lasker
11%
191 Boxer Henry Maske
11%
46 Nun, poet, composer Hildegard von Bingen
11%
16 Inventor Konrad Zuse
11%
108 Astronomer Nicolaus Copernicus
11%
165 Punk singer Nina Hagen
11%
18 Physician Albert Schweitzer
9%
39 Vice Chancellor Hans-Dietrich Genscher
9%
45 Pop singer Hartmut Engler
9%
149 Magician Roy Horn
9%
118 Writer Wilhelm Busch
9%
97 Would-be assassin Georg Elser
8%
185 Journalist, philosopher Hannah Arendt
8%
57 Comedian Heinz Erhardt
8%
40 Actor Heinz Rühmann
8%
199 Physician, activist Mildred Scheel
8%
197 Pirate Nikolaus Störtebeker
8%
15 Pop singer Daniel Küblböck
6%
196 Minister President of Bavaria Edmund Stoiber
6%
137 Swimmer Franziska van Almsick
6%
127 Federal President Johannes Rau
6%
193 Football player Michael Ballack
6%
74 Aviator Otto Lilienthal
6%
123 Pop singer Peter Maffay
6%
85 Activist Rudi Dutschke
6%
149 Magician Siegfried Fischbacher
6%
109 Mathematician Adam Ries
5%
87 Businesswoman Beate Uhse
5%
47 Pop singer Heino
5%
156 Businessman Karl Hans Albrecht
5%
19 Actor, activist Karlheinz Böhm
5%
86 Priest Karl Lehmann
5%
144 Actor Klaus Kinski
5%
139 King Ludwig II
5%
136 Cosmonaut Sigmund Jähn
5%
79 Ski jumper Sven Hannawald
5%
156 Businessman Theodor Paul Albrecht
5%
184 Communist, feminist Clara Zetkin
3%
59 Racecar driver Heinz-Harald Frentzen
3%
124 Cardinal, activist Josef Frings
3%
62 Rock singer Peter Kraus
3%
58 Rock singer Roy Black
3%
131 Journalist Rudolf Augstein
3%
54 Film director Vicco von Bülow
3%
11 Priest Adolph Kolping
2%
55 Theologian Albertus Magnus
2%
169 Comedian Dieter Hildebrandt
2%
111 Writer Erich Kästner
2%
106 Rock singer Farin Urlaub
2%
122 Physician Ferdinand Sauerbruch
2%
73 Theologian Friedrich von Bodelschwingh
2%
173 East German politician, Mayor of Berlin Gregor Gysi
2%
167 Radio, TV presenter Hans Rosenthal
2%
129 Freiherr Hieronymous Karl Friedrich von Münchhausen
2%
141 Actress Hildegard Knef
2%
99 Composer James Last
2%
83 Artist Joseph Bueys
2%
17 Theologian Joseph Kentenich
2%
98 Linguist Konrad Duden
2%
75 Journalist Marion Gräfin Dönhoff
2%
44 TV presenter Patrick Lindner
2%
22 Politician Regine Hildebrandt
2%
67 Physician Sebastian Kneipp
2%
81 Actor Willy Millowitsch
2%
60 Activist Wolfgang Apel
2%
148 Poet August Heinrich Hoffmann von Fallersleben
0%
194 Scientist, film director Bernhard Grzimek
0%
140 Physicist, businessman Carl Friedrich Zeiss
0%
117 Businesswoman Christine Lucci
0%
150 Bobsledder Christoph Langen
0%
138 Theologian Clemens August Graf von Galen
0%
64 Basketball player Dirk Nowitzski
0%
80 Empress Elisabeth Wittelsbach
0%
121 Theologian Eugen Drewermann
0%
189 Pop singer Frank Schöbel
0%
161 Actor, comedian Götz George
0%
183 Businesswoman Grete Schickedanz
0%
164 Singer, actor Hans Albers
0%
177 Pop singer Hans Hartz
0%
172 Reggae singer Hans Söllner
0%
159 Actor Harald Juhnke
0%
192 Violinist Helmut Zacharias
0%
187 Rocket physicist Hermann Orberth
0%
119 Politician Hildegard Hamm-Brücher
0%
176 Actress Inge Meysel
0%
190 Businessman Jakob Fugger
0%
101 Physician, activist Jenny de la Torre Castro
0%
188 Comedian, actor Karl Valentin
0%
171 Priest, activist Kilian Saum
0%
155 Novelist, journalist Kurt Tucholsky
0%
152 Physicist Manfred von Ardenne
0%
170 Actress Marie Theres Kroetz-Relin
0%
151 Singer, Eurovision Michelle
0%
198 Presenter, comedian Peter Frankenfeld
0%
147 Journalist Peter Scholl-Latour
0%
104 Philosopher Rudolf Steiner
0%
168 Physician, journalist, activist Rupert Neudeck
0%
33 Physician Samuel Hahnemann
0%
125 Schoolgirl, admin of Internet forum Silke Fritzen
0%
160 Fictional Till Eulenspiegel
0%
107 Soul singer Xavier Naidoo
0%
No matching quizzes found
Score Distribution
Percent of People with Each Score
Percentile by Number Answered
Your Score History
You have not taken this quiz